| 000 | 00483 a2200205 4500 | ||
|---|---|---|---|
| 260 | _aParis | ||
| 100 | _aLEHNINGER, Albert | ||
| 260 | _bFlammarion Médecine Sciences | ||
| 245 | _aBiochimie : bases moléculaires de la structure et des fonctions cellulaires | ||
| 300 | _a1088p. | ||
| 650 | _abiochimie | ||
| 650 | _amolécule | ||
| 650 | _acellule | ||
| 260 | _c1979 | ||
| 130 | _lFr. | ||
| 250 | _a2ème | ||
| 020 | _a2-257-250009-5 | ||
| 999 |
_c23096 _d23096 |
||